| 000 | 00843nam a2200241 i 4500 | ||
|---|---|---|---|
| 001 | C2-0254278 | ||
| 003 | PPAK | ||
| 005 | 20180727221912.0 | ||
| 008 | 040428s1994 my |||| ||||| | may d | ||
| 040 |
_aPPAK _beng _cPPAK _erda |
||
| 082 | 0 | 4 |
_a382.021 _223 |
| 090 | 0 | 0 |
_a382.021 _bMAL _dKK |
| 110 | 2 | _aMalaysia | |
| 245 | 0 | 0 |
_aLaporan tahunan 1994 Perbadanan Produktiviti Negara = _bAnnual report 1994 National Productivity Council |
| 264 | 1 |
_aKuala Lumpur : _bPerbadanan Produktiviti Negara , _c1994 |
|
| 300 |
_a[ii, 60 pages] ; _c30 cm |
||
| 336 |
_2rdacontent _atext |
||
| 337 |
_2rdamedia _aunmediated |
||
| 338 |
_2rdacarrier _avolume |
||
| 650 | 1 | 0 | _aIndustrial productivity - Malaysia - Statistical - Periodicals ; Manufacturing industries - Malaysia - Statistics - Periodicals |
| 710 | 2 |
_aMalaysia _eorganizer |
|
| 942 |
_ddc _cB |
||
| 999 |
_c67026 _d67026 |
||